000 00459cam a2200181ua 4500
041 _aeng
_h
082 _a631.587
_bSAH/TE
100 _aSahasrabudhe, S R .
245 _aText book of irrigation engineering /
_cS R Sahasrabudhe.
_hTextual Documents
250 _a9 /
_b.
260 _aDelhi :
_bS K Kataria and sons ,
_c1993.
300 _a431 ; .
504 _a
942 _cBK
999 _c9742
_d9742